| 000 | 00849nam a2200229Ia 4500 | ||
|---|---|---|---|
| 003 | GCL | ||
| 008 | 140319s9999 xx 000 0 ara d | ||
| 040 |
_aGCL / _cGCL |
||
| 082 | 0 | 4 |
_aق _b953.07393 _bح ص |
| 100 | 1 | _aحامد زيان غانم زيان | |
| 245 | 1 | 0 |
_aالصراع السياسى والعسكرى بين القوى الاسلامية زمن الحروب الصليبية / _cحامد زيان غانم زيان |
| 300 | _a135 ص | ||
| 490 | _a | ||
| 650 | 0 | 4 | _aالحروب الصليبية |
| 650 | 0 | 4 | _aالدولة الفاطمية |
| 650 | 0 | 4 | _aالتاريخ الاسلامى |
| 650 | 0 | 4 | _aالدولة العباسية |
| 650 | 0 | 4 | _aالحروب الصليبية فى فلسطين والشام |
| 650 | 0 | 4 | _aالحروب الصليبية فى مصر |
| 650 | 0 | 4 | _aالدولة السلجوقية |
| 942 |
_2ddc _cBK |
||
| 999 |
_c39330 _d39330 |
||